Consumer Behaviour in Retail after Pandemics
Ako sa spotrebitelia správajú a či sa zmenilo ich nákupné správanie po pandémii Covid-19 v maloobchode.
Na minha lista:
| Autor principal: | |
|---|---|
| Formato: | Capítulo de Livro |
| Idioma: | inglês |
| Assuntos: | |
| Tags: |
Sem tags, seja o primeiro a adicionar uma tag!
|
MARC
| LEADER | 00000naa$a2200000$$$4500 | ||
|---|---|---|---|
| 001 | 0289811 | ||
| 005 | 20240502074438.0 | ||
| 041 | 0 | |a eng | |
| 044 | |a SK | ||
| 245 | 1 | 0 | |a Consumer Behaviour in Retail after Pandemics |c Kristína Korytinová |
| 520 | |a Ako sa spotrebitelia správajú a či sa zmenilo ich nákupné správanie po pandémii Covid-19 v maloobchode. | ||
| 610 | 2 | 0 | |a pandémia |
| 610 | 2 | 0 | |a obchod |
| 610 | 2 | 0 | |a správanie spotrebiteľa |
| 610 | 2 | 0 | |a preferencie |
| 610 | 2 | 0 | |a preferencie spotrebiteľské |
| 100 | 1 | |a Korytinová, Kristína, 1995- | |